000 00747nam a2200241 a 4500
008
020 _a8122404200 (hbk.)
049 _aMAIN
090 _aTK7872
_bLAS
245 0 0 _aLasers in chemical and biological sciences /
_cedited by S. Chopra, H.M. Chawla.
260 _aNew Delhi :
_bWiley Eastern,
_cc1992.
300 _axiv, 190 p. :
_bill. ;
_c25 cm.
504 _aIncludes bibliographical references.
650 0 _aLasers in chemistry
_vCongresses.
650 0 _aLasers in biology
_vCongresses.
700 1 _aChopra, Subhash.
700 1 _aChawla, H.M.
907 _a.b10063821
_b06-11-12
_c17-04-03
003
005 20230123133612.0
040 _cNUST
942 _cBOOKS
_kTK7872
_mLAS
999 _c151443
_d151443